|
|
|
|
| LEADER |
00000cam a22000004a 4500 |
| 001 |
musev2_1679 |
| 003 |
MdBmJHUP |
| 005 |
20230905040235.0 |
| 006 |
m o d |
| 007 |
cr||||||||nn|n |
| 008 |
100129s2010 inu o 00 0 eng d |
| 010 |
|
|
|z 2010004292
|
| 020 |
|
|
|a 9780268076863
|
| 020 |
|
|
|z 0268023018
|
| 020 |
|
|
|z 0268076863
|
| 020 |
|
|
|z 9780268023010
|
| 035 |
|
|
|a (OCoLC)694144490
|
| 040 |
|
|
|a MdBmJHUP
|c MdBmJHUP
|
| 043 |
|
|
|a n-mx---
|
| 050 |
0 |
4 |
|a JL1281
|b .C59 2010
|
| 082 |
0 |
|
|a 324.973
|2 22
|
| 100 |
1 |
|
|a Cleary, Matthew R.
|
| 245 |
1 |
4 |
|a The Sources of Democratic Responsiveness in Mexico /
|c Matthew R. Cleary.
|
| 264 |
|
1 |
|a Notre Dame, Ind. :
|b University of Notre Dame Press,
|c 2010.
|
| 264 |
|
3 |
|a Baltimore, Md. :
|b Project MUSE,
|c 2012
|
| 264 |
|
4 |
|c ©2010.
|
| 300 |
|
|
|a 1 online resource (272 pages):
|b ill. ;
|
| 336 |
|
|
|a text
|b txt
|2 rdacontent
|
| 337 |
|
|
|a computer
|b c
|2 rdamedia
|
| 338 |
|
|
|a online resource
|b cr
|2 rdacarrier
|
| 490 |
0 |
|
|a Recent titles from the Helen Kellogg Institute for International Studies
|
| 504 |
|
|
|a Includes bibliographical references and index.
|
| 505 |
0 |
|
|a What good are elections in Mexico? -- Elections and democratic responsiveness -- Political participation and democratic responsiveness -- Testing hypotheses about responsiveness : the public services approach -- Testing hypotheses about responsiveness : the public finance approach -- Electoral and participatory mechanisms in action -- Conclusion: The sources of democratic responsiveness in Mexico -- Appendix: Fractionalization indices as measures of electoral competitiveness.
|
| 588 |
|
|
|a Description based on print version record.
|
| 650 |
|
0 |
|a Elections
|z Mexico.
|
| 650 |
|
0 |
|a Government accountability
|z Mexico.
|
| 650 |
|
0 |
|a Democracy
|z Mexico.
|
| 650 |
|
0 |
|a Political participation
|z Mexico.
|
| 651 |
|
0 |
|a Mexico
|x Politics and government
|y 2000-
|
| 655 |
|
7 |
|a Electronic books.
|2 local
|
| 710 |
2 |
|
|a Project Muse.
|e distributor
|
| 830 |
|
0 |
|a Recent titles from the Helen Kellogg Institute for International Studies.
|
| 830 |
|
0 |
|a Book collections on Project MUSE.
|
| 856 |
4 |
0 |
|z Texto completo
|u https://projectmuse.uam.elogim.com/book/1679/
|
| 945 |
|
|
|a Project MUSE - Custom Collection
|
| 945 |
|
|
|a Project MUSE - 2010 Political Science and Policy Studies
|
| 945 |
|
|
|a Project MUSE - 2010 Complete
|